Hamilton: You'll Be Back (Clicky-oke) Quiz Stats

 Plays Quiz not verified by Sporcle

Challenge
Share
Tweet
Embed
Score 0/22 Timer 05:00
0 Plays Today
% Correct
Not a price that you're willing to pay
97.3%
Da da da da da, da da da da daye da, da da da da daye da (repeat)
92.1%
We have seen each other through it all
91.1%
And ever and ever and ever...
90.9%
Da da da da da, da da da da daye da, da da da da daye da (repeat)
90.4%
You'll remember that I served you well
90.4%
Da da da da da, da da da da daye da, da da da da daye da (repeat)
89.8%
I'm your man
89.3%
You'll remember you belong to me
89.2%
Remember we made an arrangement
89%
And you can't go on
88.3%
% Correct
My loyal, royal subject
88.3%
I will kill your friends and family
88.3%
Now you're making me mad
88.2%
When you see me go by
88%
I will send a fully armed batallion
87.8%
When I am gone
87.7%
'Cause you're my favourite subject
87.5%
I will fight the fight
85.1%
For your love, for your praise
84.4%
So don't throw away this thing we had
84.3%
When you're gone
79.4%

You're not logged in!

Compare scores with friends on all Sporcle quizzes.
Join for Free
OR
Log In

You Might Also Like...

Show Comments

Extras

Top Quizzes Today


Score Distribution

Your Account Isn't Verified!

In order to create a playlist on Sporcle, you need to verify the email address you used during registration. Go to your Sporcle Settings to finish the process.

Report this User

Report this user for behavior that violates our Community Guidelines.

Details: